| 000 | 01563nam a22002057a 4500 | ||
|---|---|---|---|
| 999 |
_c357984 _d357984 |
||
| 003 | IT-MiCISF | ||
| 005 | 20180904113527.0 | ||
| 008 | 180904b ||||| |||| 00| 0 eng d | ||
| 040 | _cIT-MiCISF | ||
| 041 | _ait | ||
| 100 |
_aHonegger Fresco Grazia _957359 |
||
| 245 |
_aDa solo, io! _bIl progetto pedagogico di Maria Montessori da 0 a 3 anni |
||
| 260 |
_aMolfetta (BA) _bLa Meridiana _c2018 |
||
| 300 | _app. 209 | ||
| 500 | _ainfanzia, periodo-neonatale, nascita, crescita-bambini, servizi-infanzia, diritti-bambino, educazione-bambini | ||
| 520 | _aQuesto libro nasce con l'intenzione di ricostruire il lavoro di Adele Costa Gnocchi, che di Maria Montessori è stata interprete fedele, acuta e geniale. Raccoglie memorie e indicazioni precise del suo lavoro creativo, offrendo ai lettori la possibilità di attraversare il concetto di educazione dalla nascita come aiuto alla vita. Sostenere il diritto del bambino al "rispetto", fare in modo che questo non sia parola vuota, di comodo, ma correttamente impostare un approccio educativo montessoriano fin dall'attesa è quanto queste pagine fanno declinando il pensiero di Maria Montessori e raccogliendo esperienze sperimentabili ancora oggi. Un libro per educatori, genitori, insegnanti affascinati dalla possibilità di un progetto pedagogico basato sull'osservazione, sulla fiducia nelle forze naturali dei bambini e dei ragazzi, in un ambiente liberante, senza banchi, né premi, né voti, come sosteneva la Montessori. | ||
| 650 |
_aeducazione _956062 |
||
| 654 | _asaggio | ||
| 942 |
_2ddc _cBK |
||